000 00435nam a2200157 i 4500
001 103884
003 ES-MaACL
005 20230906183450.0
007 t|
008 051121s1911 fr ||||1| fre d
100 1 _aMeunier, Stanislas.
_980761
245 1 2 _aL'évolution des théories géologiques /
_cpar Stanislas Meunier.
260 _aParis :
_bFélix Alcan,
_c1911.
300 _a364 p. ;
_c19 cm.
852 _aES-MaACL
_jD-2373
999 _c103884
_d103884